Gaming and cruise / (Record no. 1575)

MARC details
000 -LEADER
fixed length control field 00537nam a22001937a 4500
005 - DATE AND TIME OF LATEST TRANSACTION
control field 20240515010953.0
008 - FIXED-LENGTH DATA ELEMENTS--GENERAL INFORMATION
fixed length control field 230303b |||||||| |||| 00| 0 eng d
020 ## - INTERNATIONAL STANDARD BOOK NUMBER
International Standard Book Number 978-971-9905-86-8
082 ## - DEWEY DECIMAL CLASSIFICATION NUMBER
Classification number Fil. 795 L732 2011
100 ## - MAIN ENTRY--PERSONAL NAME
Personal name Lim, Romeo D.
Relator term author
245 ## - TITLE STATEMENT
Title Gaming and cruise /
Statement of responsibility, etc. Dr. Romeo D. Lim
260 ## - PUBLICATION, DISTRIBUTION, ETC.
Place of publication, distribution, etc. Manila:
Name of publisher, distributor, etc. Mindshapers,
Date of publication, distribution, etc. c2011.
300 ## - PHYSICAL DESCRIPTION
Extent vi, 479p.;
Other physical details ill.
504 ## - BIBLIOGRAPHY, ETC. NOTE
Bibliography, etc. note Includes bibliographical references
541 ## - IMMEDIATE SOURCE OF ACQUISITION NOTE
Accession number 4250
650 ## - SUBJECT ADDED ENTRY--TOPICAL TERM
Topical term or geographic name entry element Gambling
650 ## - SUBJECT ADDED ENTRY--TOPICAL TERM
Topical term or geographic name entry element Ocean travel
650 ## - SUBJECT ADDED ENTRY--TOPICAL TERM
Topical term or geographic name entry element Tourist trade
Holdings
Withdrawn status Lost status Source of classification or shelving scheme Damaged status Not for loan Home library Current library Date acquired Total Checkouts Full call number Barcode Date last seen Copy number Price effective from Koha item type
    Dewey Decimal Classification     ctu-moalboal ctu-moalboal 11/01/2015   Fil. 795 L732 2011 4250 03/03/2023 1 03/03/2023 Books-Filipiniana